Enduring success : consolidation of gains in large-scale combat operations /

Bibliographic Details
Uniform Title:Enduring success (Army University Press (U.S.))
Other Authors: Burke, Eric Michael, 1987- (Editor), Wright, Donald P., 1964- (Editor)
Format: Government Document eBook
Language:English
Published: Fort Leavenworth, Kansas : Army University Press, 2022.
Series:US Army large-scale combat operations series.
Subjects:
Online Access:https://purl.fdlp.gov/GPO/gpo177091

MARC

Tag First Indicator Second Indicator Subfields
LEADER 00000nam a2200000 i 4500
001 in00004587021
006 m o d f
007 cr |||||||||||
008 211114s2022 ksuab ob f000 0 eng
005 20220729191635.9
035 |a (OCoLC)on1288422807 
040 |a DLC  |b eng  |e rda  |e pn  |c DLC  |d OCLCF  |d OCLCO  |d GPO  |d MvI 
042 |a pcc 
043 |a n-us--- 
049 |a WWW 
050 0 0 |a U167.5.S68 
074 |a 0359-C-16 (online) 
086 0 |a D 110.20:C 76 
130 0 |a Enduring success (Army University Press (U.S.)) 
245 1 0 |a Enduring success :  |b consolidation of gains in large-scale combat operations /  |c edited by Eric M. Burke and Donald P. Wright. 
246 3 0 |a Consolidation of gains in large-scale combat operations 
264 1 |a Fort Leavenworth, Kansas :  |b Army University Press,  |c 2022. 
300 |a 1 online resource (x, 259 pages) :  |b color illustrations, color maps. 
336 |a text  |b txt  |2 rdacontent 
337 |a computer  |b c  |2 rdamedia 
338 |a online resource  |b cr  |2 rdacarrier 
490 1 |a The US Army large-scale combat operations series 
500 |a "2022"--Page iv. 
500 |a GPO Cataloging Record Distribution Program (CRDP). 
504 |a Includes bibliographical references. 
588 |a Description based on online resource; title from PDF title page (Army, viewed April 12, 2022). 
610 1 0 |a United States.  |b Army  |x Stability operations  |v Case studies. 
650 0 |a Consolidation of gains (Military science)  |z United States  |v Case studies. 
650 0 |a Operational art (Military science)  |x History  |v Case studies. 
651 0 |a United States  |x History, Military  |v Case studies. 
610 1 7 |a United States.  |b Army.  |2 fast  |0 (OCoLC)fst00533532 
650 7 |a Armed Forces  |x Stability operations.  |2 fast  |0 (OCoLC)fst01982153 
650 7 |a Consolidation of gains (Military science)  |2 fast  |0 (OCoLC)fst02016094 
650 7 |a Operational art (Military science)  |2 fast  |0 (OCoLC)fst01046375 
651 7 |a United States.  |2 fast  |0 (OCoLC)fst01204155 
655 7 |a Case studies.  |2 fast  |0 (OCoLC)fst01423765 
655 7 |a History.  |2 fast  |0 (OCoLC)fst01411628 
655 7 |a Military history.  |2 fast  |0 (OCoLC)fst01411630 
700 1 |a Burke, Eric Michael,  |d 1987-  |e editor. 
700 1 |a Wright, Donald P.,  |d 1964-  |e editor. 
710 2 |a Army University Press (U.S.),  |e issuing body. 
776 0 8 |i Print version:  |a Enduring success (Army University Press (U.S.))  |t Enduring success  |w (DLC) 2021055085 
830 0 |a US Army large-scale combat operations series. 
856 4 0 |u https://purl.fdlp.gov/GPO/gpo177091  |t 0 
999 f f |s ee946393-a02d-49a4-bd1f-b3bc8cc32481  |i ee946393-a02d-49a4-bd1f-b3bc8cc32481  |t 0 
952 f f |a Texas A&M University  |b College Station  |c Electronic Resources  |d Available Online  |t 0  |e D 110.20:C 76  |h Superintendent of Documents classification 
998 f f |a D 110.20:C 76  |t 0  |l Available Online